00785 2200193 4500001002100000005001500021035002000036245019100056100001700247250002000264300005000284856002200334700013100356260004600487082000800533084001400541020002200555650001400577INLIS00000000114812020260330025156 a0010-03260006311 aAKTIVITAS SERU MEWARNAI HEWAN LIAR /cPenulis; Angela Ruby, Penyunting Fira Husaini, Pemeriksa Aksara; Kak Jannah, Penata Aksara; Felina, Perupa Sampul; Freepik, Perancang Sampul; Felina0 aAngela Ruby, aCetakan Pertama a32 halaman :bIlustrasi ;c19 x 26 cmeKertas aPerpustakaan Umum0 aPenyunting Fira Husaini, Pemeriksa Aksara; Kak Jannah, Penata Aksara; Felina, Perupa Sampul; Freepik, Perancang Sampul; Felina aYogyakarta :bAnak Hebat Indonesia,c2024 a397 a397 ANG a a978-623-164-673-6 4aBuku Anak